000 00293nam a2200109Ia 4500
008 200302s9999 xx 000 0 und d
100 _aRobert Gottlieb
245 _aReinventing Los Angeles : Nature And Community In The Global City
260 _bThe MIT Press
260 _c2007
300 _a430 P
999 _c4831
_d4831